banner koha

Custos operacionais, fixos e totais da cultura do trigo, na regiao de Dourados, Mato Grosso do Sul, safra 1986 [Triticum aestivum] (Registro n. 279386)

MARC details
000 -LÍDER
campo de controle de tamanho fixo 01176nac a22003137a 4500
001 - NÚMERO DE CONTROLE
campo de controle BR8602964
003 - IDENTIFICADOR DO NÚMERO DE CONTROLE
campo de controle BR-BrBNA
005 - DATA E HORÁRIO DA ÚLTIMA TRANSAÇÃO
campo de controle 20240105120427.0
008 - CAMPO DE DADOS FIXOS--INFORMAÇÃO GERAL
campo de controle de tamanho fixo 230509b bl.|||m| |||| 00| 0 por d
040 ## - FONTE DA CATALOGAÇÃO
Instituição da catalogação original BR-BrBNA
Idioma da catalogação por
Instituição que transcreveu o registro Biblioteca Nacional de Agricultura
072 ## - CÓDIGO DE CATEGORIA DE ASSUNTO
Código de Categoria de Assunto E16
090 ## - NÚMERO DE CHAMADA LOCAL
Número de chamada 0180 BR8602964
100 1# - ENTRADA PRINCIPAL--NOME PESSOAL
Nome pessoal Melo Filho, G.A. de
100 1# - ENTRADA PRINCIPAL--NOME PESSOAL
Nome pessoal Kruker, J.M.
110 1# - ENTRADA PRINCIPAL--NOME CORPORATIVO
Nome corporativo ou nome da jurisdição Unidade de Execucao de Pesquisa de Ambito Estadual de Dourados, MS (Brasil)
245 1# - TÍTULO
Título Custos operacionais, fixos e totais da cultura do trigo, na regiao de Dourados, Mato Grosso do Sul, safra 1986 [Triticum aestivum]
246 1# - FORMA VARIANTE DO TÍTULO
Título/título abreviado [Operational, fixed and total costs of wheat crop in Dourados, Mato Grosso do Sul, Brazil, in 1986]
260 3# - PUBLICAÇÃO, DISTRIBUIÇÃO, ETC.
Local de publicação, distribuição, etc. Dourados, MS (Brasil):
Data da publicação, distribuição, etc. 1986.
300 ## - DESCRIÇÃO FÍSICA
Extensão 10 p.
490 ## - TÍTULO DA SÉRIE
Título da série Comunicado Tecnico - Unidade de Execucao de Pesquisa de Ambito Estadual de Dourados (Brazil)
Número do volume ou designação sequencial da série no. 28
ISSN - International Standard Serial Number ISSN 0100-8617
500 ## - NOTA GERAL
Nota geral 8 tables
650 ## - ASSUNTO--TERMO TÓPICO
Cabeçalho tópico ou nome geográfico TRIGO
650 ## - ASSUNTO--TERMO TÓPICO
Cabeçalho tópico ou nome geográfico CUSTO DE PRODUCAO
650 ## - ASSUNTO--TERMO TÓPICO
Cabeçalho tópico ou nome geográfico CUSTO OPERACIONAL
650 ## - ASSUNTO--TERMO TÓPICO
Cabeçalho tópico ou nome geográfico DOURADOS
650 ## - ASSUNTO--TERMO TÓPICO
Cabeçalho tópico ou nome geográfico MATO GROSSO DO SUL
909 ## -
-- 202312
-- Lúcia Elande
-- 55
-- Lúcia Elande
942 ## - ELEMENTOS DE ENTRADA ADICIONADOS (KOHA)
Fonte da classificação ou esquema de arquivamento na estante Classificação AGRIS
Ocultar no OPAC Não
Tipo de material Koha Monografia Seriada
Exemplares
Situação do descarte Fonte da classificação ou esquema de arquivamento na estante Situação física Não pode ser emprestado Coleção Biblioteca de origem Biblioteca atual Localização na estante Total de empréstimos Número de telefone completo Código de barras Data de último acesso Tipo de material Koha Fonte de aquisição
  Classificação AGRIS       Biblioteca Nacional de Agricultura - Binagri Biblioteca Nacional de Agricultura - Binagri Agrobase - Acervo Geral   0180 BR8602964 0180 BR8602964 18/12/2023 Monografia Seriada Portaria Interministerial nº 164/94

BINAGRI

Telefone: (61)3218-2567/2388/3357/2097 - binagri@agro.gov.br

Ministério da Agricultura e Pecuária , Esplanada dos Ministérios, Bloco D, Anexo B, Brasília/DF, CEP: 70.043-900